A Hand book of Practical Physical Pharmacy & Practical Phy. Pharmaceutics (Record no. 15300)
[ view plain ]
| 000 -LEADER | |
|---|---|
| fixed length control field | 00245nam a2200085Ia 4500 |
| 008 - FIXED-LENGTH DATA ELEMENTS--GENERAL INFORMATION | |
| fixed length control field | 170617s9999 xx 000 0 und d |
| 100 ## - MAIN ENTRY--PERSONAL NAME | |
| Personal name | Hadkar- U.B |
| 245 #2 - TITLE STATEMENT | |
| Title | A Hand book of Practical Physical Pharmacy & Practical Phy. Pharmaceutics |
| 260 ## - PUBLICATION, DISTRIBUTION, ETC. | |
| Name of publisher, distributor, etc. | Nirali Pub |
| 260 ## - PUBLICATION, DISTRIBUTION, ETC. | |
| Date of publication, distribution, etc. | 2008 |
| Withdrawn status | Lost status | Source of classification or shelving scheme | Damaged status | Not for loan | Home library | Current library | Date acquired | Source of acquisition | Cost, normal purchase price | Total Checkouts | Barcode | Date last seen | Price effective from | Koha item type |
|---|---|---|---|---|---|---|---|---|---|---|---|---|---|---|
| IIMT University College of Medical Sciences | IIMT University College of Medical Sciences | 06/22/2017 | 2 | 60.00 | 02-B-4619 | 06/22/2017 | 06/22/2017 | Text-Book- for 7 days | ||||||
| IIMT University College of Medical Sciences | IIMT University College of Medical Sciences | 06/22/2017 | 2 | 60.00 | 02-B-4620 | 06/22/2017 | 06/22/2017 | Text-Book- for 7 days | ||||||
| IIMT University College of Medical Sciences | IIMT University College of Medical Sciences | 06/22/2017 | 2 | 60.00 | 02-B-4621 | 06/22/2017 | 06/22/2017 | Reference Book | ||||||
| IIMT University College of Medical Sciences | IIMT University College of Medical Sciences | 06/22/2017 | 2 | 60.00 | 02-B-4622 | 06/22/2017 | 06/22/2017 | Text-Book- for 7 days | ||||||
| IIMT University College of Medical Sciences | IIMT University College of Medical Sciences | 06/22/2017 | 2 | 60.00 | 02-B-4623 | 06/22/2017 | 06/22/2017 | Text-Book- for 7 days |

